Manual of Labour Laws / (Record no. 615994)

000 -LEADER
fixed length control field 00322nam a22001217a 4500
082 ## - DEWEY DECIMAL CLASSIFICATION NUMBER
Classification number 344.0095491
Author Mark QUR
100 ## - MAIN ENTRY--PERSONAL NAME
Personal name Qureshi, Waseem Ahmad
245 ## - TITLE STATEMENT
Title Manual of Labour Laws /
Statement of responsibility, etc. Waseem Ahmad Qureshi
260 ## - PUBLICATION, DISTRIBUTION, ETC.
Place of publication, distribution, etc. Rawalpindi :
Name of publisher, distributor, etc. Insaf Law House,
Date of publication, distribution, etc. 2015.
300 ## - PHYSICAL DESCRIPTION
Extent 1141 p. ;
Dimensions 25 CM.
563 ## - BINDING INFORMATION
Binding note HB.
942 ## - ADDED ENTRY ELEMENTS (KOHA)
Source of classification or shelving scheme
Koha item type Book
Holdings
Withdrawn status Lost status Source of classification or shelving scheme Damaged status Not for loan Permanent Location Current Location Date acquired Source of acquisition Total Checkouts Full call number Barcode Date last seen Price effective from Koha item type
          NUST Law School (NLS) NUST Law School (NLS) 02/02/2026 Donated by Fahad Hashmi Account Officer S3H & NLS   344.0095491 QUR NLSD-390 02/02/2026 02/02/2026 Book
© 2023 Central Library, National University of Sciences and Technology. All Rights Reserved.